|
|
|
|
| LEADER |
00000naa0a2200000 4500 |
| 001 |
600108 |
| 005 |
20250729154724.0 |
| 035 |
|
|
|a (RuTPU)RU\TPU\tpu\24324
|
| 035 |
|
|
|a RU\TPU\tpu\23951
|
| 090 |
|
|
|a 600108
|
| 100 |
|
|
|a 20140113d2009 k y0rusy50 ca
|
| 101 |
0 |
|
|a rus
|
| 102 |
|
|
|a RU
|
| 200 |
1 |
|
|a Изучение свойств природных коллоидных растворов физико-химическими методами
|f К. И. Мачехина
|
| 333 |
|
|
|a В фонде НТБ ТПУ отсутствует
|
| 463 |
|
|
|t XIV Международная экологическая студенческая конференция МСЭК-2009 "Экология России и сопредельных территорий", Новосибирск, 30 октября - 1 ноября 2009 г.
|o материалы конференции
|v С. 18-19
|d 2009
|
| 610 |
1 |
|
|a труды учёных ТПУ
|
| 700 |
|
1 |
|a Мачехина
|b К. И.
|c химик-технолог
|c инженер, доцент Томского политехнического университета, кандидат технических наук
|f 1987-
|g Ксения Игоревна
|3 (RuTPU)RU\TPU\pers\28100
|9 13058
|
| 801 |
|
1 |
|a RU
|b 63413507
|c 20131112
|
| 801 |
|
2 |
|a RU
|b 63413507
|c 20140113
|g RCR
|
| 850 |
|
|
|a 63413507
|
| 942 |
|
|
|c BK
|